Global Language Vocabulary- P - Statistics

General Stats
  • This quiz has been taken 58 times
  • The average score is 4 of 12
Answer Stats
Language Answer % Correct
English Peace
100%
Latin Pax
62%
French Paix
51%
Russian Мир, mir
40%
German Frieden
33%
Arabic سلام, salam
29%
Greek Ειρήνη, iríni
13%
Japanese 平和, heiwa
11%
Hindi शांति, shaanti
7%
Scottish Gaelic Sìth
7%
Swahili Amani
5%
Javanese Tentrem
5%
No matching quizzes found
Score Distribution
Percent of People with Each Score
Percentile by Number Answered
Your Score History
You have not taken this quiz